[Event "Verbandsliga Sued Baden 1112"]
[Site "Germany"]
[Date "2012.03.04"]
[Round "7.3"]
[White "Goelgeci, Oguz"]
[Black "Schwierskott, Marc"]
[Result "0-1"]
[WhiteElo "1995"]
[BlackElo "2234"]
[PlyCount "91"]
[EventDate "2011.10.09"]
[EventType "team-tourn"]
[EventRounds "9"]
[EventCountry "GER"]
[SourceTitle "EXT 2013"]
[Source "ChessBase"]
[SourceDate "2012.11.22"]
[SourceVersion "1"]
[SourceVersionDate "2012.11.22"]
[SourceQuality "1"]
[WhiteTeam "Baden-Baden IV"]
[BlackTeam "Brombach"]
[WhiteTeamCountry "GER"]
[BlackTeamCountry "GER"]

1. d4 g6 2. c4 Bg7 3. Nc3 d6 4. e4 Nc6 5. Be3 e5 6. d5 Nce7 7. Bd3 Nh6 8. h3 f5 9. f4 fxe4 10. Nxe4 Nef5 11. Bf2 exf4 12. Qd2 0-0 13. Nf3 Ne3 14. Bxe3 fxe3 15. Qxe3 Bxb2 16. Rb1 Nf5 17. Qf2 Bg7 18. 0-0 c5 19. Kh1 b6 20. Rbe1 Nd4 21. Qe3 Nxf3 22. Rxf3 Rxf3 23. Qxf3 Bf5 24. Nf2 Bd7 25. Ne4 Qh4 26. Qg3 Qxg3 27. Nxg3 Be5 28. Ne4 h6 29. g4 Kg7 30. Kg2 a6 31. Bb1 Re8 32. Re2 b5 33. Bd3 b4 34. Nd2 a5 35. Bc2 a4 36. Nf3 Bc3 37. Rxe8 Bxe8 38. Kf2 Kf6 39. Ke3 Bd7 40. Bd1 b3 41. a3 Bb2 42. Kd3 Bxa3 43. Kc3 Bc1 44. Be2 h5 45. gxh5 Bf5 46. Bd1 0-1

[Event "Oberliga Baden 1011"]
[Site "Baden"]
[Date "2011.03.20"]
[Round "8.8"]
[White "Noe, Christopher"]
[Black "Goelgeci, Oguz"]
[Result "1-0"]
[WhiteElo "1932"]
[BlackElo "1998"]
[PlyCount "67"]
[EventDate "2010.10.10"]
[EventType "team-tourn"]
[EventRounds "9"]
[EventCountry "GER"]
[SourceTitle "EXT 2012"]
[Source "ChessBase"]
[SourceDate "2011.11.24"]
[SourceVersion "1"]
[SourceVersionDate "2011.11.24"]
[SourceQuality "1"]
[WhiteTeam "Eppingen II"]
[BlackTeam "Baden-Baden III"]
[WhiteTeamCountry "GER"]
[BlackTeamCountry "GER"]

1. c4 e5 2. Nc3 Nc6 3. g3 Nf6 4. Bg2 Be7 5. e3 0-0 6. Nge2 d6 7. d4 exd4 8. exd4 Bg4 9. 0-0 Re8 10. Be3 Bf8 11. Re1 Qd7 12. Qd2 Rab8 13. Bg5 Be7 14. Nf4 h6 15. Rxe7 Nxe7 16. Bxf6 gxf6 17. f3 Kg7 18. fxg4 Ng8 19. Nh5+ Kf8 20. Nxf6 Nxf6 21. Qxh6+ Kg8 22. Qxf6 Qxg4 23. Rf1 Qg7 24. Qf4 c6 25. Ne4 Re6 26. Nf6+ Rxf6 27. Qxf6 Qxf6 28. Rxf6 Rd8 29. g4 Kg7 30. g5 Re8 31. Kf2 d5 32. cxd5 cxd5 33. Bxd5 Re7 34. Rxf7+ 1-0

[Event "Verbandsliga Sued Baden 1011"]
[Site "Baden"]
[Date "2011.02.13"]
[Round "6.6"]
[White "Berg, Patrick"]
[Black "Goelgeci, Oguz"]
[Result "1/2-1/2"]
[WhiteElo "2147"]
[BlackElo "1998"]
[PlyCount "46"]
[EventDate "2010.10.17"]
[EventType "team-tourn"]
[EventRounds "9"]
[EventCountry "GER"]
[SourceTitle "EXT 2012"]
[Source "ChessBase"]
[SourceDate "2011.11.24"]
[SourceVersion "1"]
[SourceVersionDate "2011.11.24"]
[SourceQuality "1"]
[WhiteTeam "Horben"]
[BlackTeam "Baden-Baden IV"]
[WhiteTeamCountry "GER"]
[BlackTeamCountry "GER"]

1. c4 e5 2. g3 Nf6 3. Bg2 Nc6 4. Nc3 Bc5 5. a3 a5 6. e3 0-0 7. Nge2 Re8 8. d3 d6 9. h3 h6 10. 0-0 Nh7 11. b3 Ng5 12. Kh2 Bf5 13. Nd5 e4 14. d4 Bb6 15. g4 Bh7 16. Ng3 Ba7 17. Nf5 Nb8 18. Nf4 Nd7 19. Bb2 Bb8 20. Rc1 c6 21. d5 Ne5 22. Bxe5 Rxe5 23. Ng3 Bc7 1/2-1/2

[Event "Baden-ch U16"]
[Site "Schoeneck"]
[Date "2009.01.02"]
[Round "1"]
[White "Goelgeci, Oguz"]
[Black "Oser, Kai"]
[Result "1-0"]
[WhiteElo "1846"]
[BlackElo "1540"]
[PlyCount "71"]
[EventDate "2009.01.02"]
[EventType "swiss"]
[EventRounds "7"]
[EventCountry "GER"]
[SourceTitle "EXT 2010"]
[Source "ChessBase"]
[SourceDate "2010.11.25"]
[SourceVersion "1"]
[SourceVersionDate "2010.11.25"]
[SourceQuality "1"]

1. d4 d5 2. c4 c6 3. e3 Nf6 4. Nc3 e6 5. c5 Nbd7 6. Nf3 Qc7 7. a3 g6 8. e4 dxe4 9. Ng5 Bg7 10. Ngxe4 Nxe4 11. Nxe4 0-0 12. g3 Nf6 13. Nd6 Qd7 14. Bg2 Ne8 15. Bf4 Nxd6 16. Bxd6 Rd8 17. 0-0 Bf8 18. Bxf8 Kxf8 19. Qf3 Qc7 20. Rfd1 e5 21. Qf6 exd4 22. Re1 Kg8 23. Re7 Qxe7 24. Qxe7 Be6 25. Rd1 Rd7 26. Qf6 d3 27. Rd2 Re8 28. h4 h5 29. Kh2 Bc4 30. Bf3 Re6 31. Qf4 Bb3 32. Qb8+ Kg7 33. Qxa7 Bc2 34. Qa5 f5 35. Qc3+ Rf6 36. Bd1 1-0